[Event "6. Magistral da Hebraica 2009"]
[Site "Sao Paulo BRA"]
[Date "2009.04.27"]
[Round "8.4"]
[White "Santos, Marcus Vinicius M."]
[Black "Fier, Alexandr"]
[Result "0-1"]
[WhiteElo "2399"]
[BlackElo "2595"]
[PlyCount "98"]
[EventDate "2009.04.20"]
[EventType "tourn"]
[EventRounds "9"]
[EventCountry "BRA"]
[EventCategory "9"]
[Source "lmi"]
[SourceDate "2009.04.20"]

1. e4 c5 2. Nc3 e6 3. f4 Nc6 4. Nf3 a6 5. g3 d5 6. d3 Nf6 7. e5 Nd7 8. Bg2 b5
9. O-O h5 10. f5 Be7 11. fxe6 fxe6 12. h4 Ndxe5 13. Nxe5 Nxe5 14. Qe2 Ng4 15.
Bf4 O-O 16. Rae1 Bf6 17. Bf3 Bd4+ 18. Kg2 Rxf4 19. gxf4 Ne3+ 20. Kh1 Qxh4+ 21.
Qh2 Qxh2+ 22. Kxh2 Nxf1+ 23. Rxf1 Bb7 24. Bxh5 Rf8 25. Bg4 Rf6 26. Ne2 Bxb2 27.
Rb1 Ba3 28. Kg3 c4 29. Nd4 Bc8 30. Re1 Kf7 31. Nf3 Bd6 32. Ng5+ Ke7 33. Rf1 Bd7
34. Nh3 Be8 35. Kh4 Bg6 36. Be2 Bf5 37. Ng5 e5 38. fxe5 Bxe5 39. Bh5 cxd3 40.
Re1 Kd6 41. cxd3 Bc3 42. Re8 Bxd3 43. Re3 Rf4+ 44. Bg4 Bf5 45. Nf7+ Kd7 46.
Rxc3 Rxg4+ 47. Kh5 Rg1 48. Ne5+ Ke6 49. Nc6 Kf6 0-1

[Event "6. Magistral da Hebraica 2009"]
[Site "Sao Paulo BRA"]
[Date "2009.04.27"]
[Round "8.5"]
[White "Rodi, Luis Ernesto"]
[Black "Perdomo, Leandro"]
[Result "1-0"]
[WhiteElo "2357"]
[BlackElo "2430"]
[PlyCount "133"]
[EventDate "2009.04.20"]
[EventType "tourn"]
[EventRounds "9"]
[EventCountry "BRA"]
[EventCategory "9"]
[Source "lmi"]
[SourceDate "2009.04.20"]

1. f4 e5 2. fxe5 d6 3. exd6 Bxd6 4. Nf3 g5 5. g3 h5 6. d4 g4 7. Nh4 Be7 8. Ng2
h4 9. Bf4 Nf6 10. Nc3 Bb4 11. Qd3 Qd5 12. Rg1 Bf5 13. Qe3+ Ne4 14. Nxh4 Bh7 15.
Bg2 Nc6 16. Bxc7 Rc8 17. Bxe4 Bxe4 18. Qf4 Qxd4 19. Kf1 Bxc3 20. bxc3 Qd5 21.
Kf2 Qc5+ 22. e3 f5 23. Rad1 Rh7 24. Qd6 Qxd6 25. Bxd6 b6 26. Bf4 Rd8 27. Rxd8+
Kxd8 28. Rd1+ Rd7 29. Bg5+ Ke8 30. Ke1 Bxc2 31. Rd2 Rxd2 32. Kxd2 Bb1 33. Bf6
Kf7 34. Bd4 Na5 35. Kc1 Be4 36. Kb2 Nc4+ 37. Kb3 Nd2+ 38. Kb4 Nf1 39. Kb5 Nxh2
40. Be5 Nf3 41. Bf4 Nxh4 42. gxh4 Bd3+ 43. Kc6 Be4+ 44. Kc7 Kg6 45. Kb8 Bd5 46.
a3 a5 47. Kc7 b5 48. Kb6 Bc4 49. Kxa5 Kf7 50. Kb4 Be2 51. a4 bxa4 52. Kxa4 Ke6
53. Kb4 Ba6 54. Kc5 Bb7 55. c4 Ba6 56. Kd4 Bb7 57. Be5 Bf3 58. Bg3 Bc6 59. Kc5
Ba4 60. Kb6 Be8 61. Kc7 Ba4 62. h5 Kf6 63. Bf4 g3 64. Bxg3 Kg5 65. c5 Kg4 66.
Bf4 Kf3 67. Kb7 1-0

[Event "6. Magistral da Hebraica 2009"]
[Site "Sao Paulo BRA"]
[Date "2009.04.28"]
[Round "9.1"]
[White "Perdomo, Leandro"]
[Black "Diamant, Andre"]
[Result "1/2-1/2"]
[WhiteElo "2424"]
[BlackElo "2506"]
[PlyCount "44"]
[EventDate "2009.04.20"]
[EventType "tourn"]
[EventRounds "9"]
[EventCountry "BRA"]
[EventCategory "9"]
[Source "lmi"]
[SourceDate "2009.04.20"]

1. d4 Nf6 2. c4 g6 3. Nc3 Bg7 4. e4 d6 5. f3 O-O 6. Be3 c5 7. Nge2 cxd4 8. Nxd4
Nc6 9. Qd2 Nxd4 10. Bxd4 Qa5 11. Nb5 Qxd2+ 12. Kxd2 Bd7 13. Nc7 Rac8 14. Nd5
Nxd5 15. Bxg7 Kxg7 16. exd5 e6 17. dxe6 Bxe6 18. Rc1 d5 19. c5 d4 20. b3 Rfd8
21. Bc4 Bf5 22. Bd3 Be6 1/2-1/2

[Event "6. Magistral da Hebraica 2009"]
[Site "Sao Paulo BRA"]
[Date "2009.04.28"]
[Round "9.2"]
[White "Fier, Alexandr"]
[Black "Rodi, Luis Ernesto"]
[Result "1/2-1/2"]
[WhiteElo "2595"]
[BlackElo "2357"]
[PlyCount "45"]
[EventDate "2009.04.20"]
[EventType "tourn"]
[EventRounds "9"]
[EventCountry "BRA"]
[EventCategory "9"]
[Source "lmi"]
[SourceDate "2009.04.20"]

1. d4 Nf6 2. c4 e5 3. dxe5 Ne4 4. Qd4 Bb4+ 5. Nc3 Nxc3 6. bxc3 Nc6 7. Qe3 Ba5
8. Nf3 O-O 9. Qd3 Nxe5 10. Nxe5 Qf6 11. Bd2 Qxe5 12. Rb1 a6 13. g3 d6 14. Bg2
Bf5 15. e4 Rfe8 16. f3 Bb6 17. Be3 Bxe3 18. Qxe3 b6 19. Qd4 Be6 20. O-O Qxd4+
21. cxd4 Bxc4 22. Rfc1 b5 23. Bf1 1/2-1/2

[Event "6. Magistral da Hebraica 2009"]
[Site "Sao Paulo BRA"]
[Date "2009.04.28"]
[Round "9.3"]
[White "Duarte, Leonardo"]
[Black "Santos, Marcus Vinicius M."]
[Result "1-0"]
[WhiteElo "2349"]
[BlackElo "2399"]
[PlyCount "81"]
[EventDate "2009.04.20"]
[EventType "tourn"]
[EventRounds "9"]
[EventCountry "BRA"]
[EventCategory "9"]
[Source "lmi"]
[SourceDate "2009.04.20"]

1. e4 c5 2. Nf3 g6 3. d4 cxd4 4. Nxd4 Nc6 5. Nc3 Bg7 6. Nf3 Nf6 7. Bc4 O-O 8.
O-O d6 9. h3 a6 10. Re1 b5 11. Bb3 Bb7 12. Nd5 Nd7 13. c3 Rc8 14. Bf4 Na5 15.
Bg5 Bxd5 16. exd5 Re8 17. Re4 Nc5 18. Rh4 Qd7 19. Be3 Naxb3 20. axb3 Qf5 21.
Ne1 Be5 22. Rg4 Bf6 23. Rf4 Qd7 24. Bd4 Bxd4 25. Rxd4 Qf5 26. b4 Na4 27. Qd2
Rc7 28. Nf3 Qf6 29. Rf4 Qg7 30. Ng5 Rf8 31. Rxf7 Rxf7 32. Ne6 Qe5 33. Nxc7 Rf4
34. Re1 Re4 35. Rxe4 Qxe4 36. Nxa6 Qb1+ 37. Kh2 Nxb2 38. Qe2 Qc1 39. Nc7 Qxc3
40. Qe6+ Kg7 41. Qxe7+ 1-0

[Event "6. Magistral da Hebraica 2009"]
[Site "Sao Paulo BRA"]
[Date "2009.04.28"]
[Round "9.5"]
[White "Milos, Gilberto"]
[Black "Greenfeld, Alon"]
[Result "1/2-1/2"]
[WhiteElo "2585"]
[BlackElo "2541"]
[PlyCount "21"]
[EventDate "2009.04.20"]
[EventType "tourn"]
[EventRounds "9"]
[EventCountry "BRA"]
[EventCategory "9"]
[Source "lmi"]
[SourceDate "2009.04.20"]

1. d4 Nf6 2. c4 e6 3. Nf3 d5 4. Nc3 Bb4 5. Bg5 h6 6. Bxf6 Qxf6 7. cxd5 exd5 8.
Qb3 c5 9. a3 Bxc3+ 10. Qxc3 Nd7 11. e3 1/2-1/2